Responses for Show #4220 - Friday, December 27, 2002

Contestants

[<< previous game]

John Fennell, an import and export manager from McLean, Virginia

Chris Shar, a Ph.D. student and professor from York, Pennsylvania

Steve Frost, a technology salesman from Mountain View, California (whose 1-day cash winnings total $16,600)

[next game >>]

Jeopardy! Round responses

HISTORIC AMERICANS
NATIONAL FOODS
THE PLANET URANUS
PICTURE THIS
ALL MY Xs
LIVE IN TEXAS
    $200 18
John F. Kennedy

John
    $200 13
Belgian waffles

John
    $200 9
rings

Steve
    $200 23
Aesop

Steve
    $200 6
(Steve: What is 3?)

1

SteveChris
    $200 1
Willie Nelson

Steve
    $400 19
Amelia Earhart

Chris
    $400 14
English muffins

Steve
    $400 12
84

John
    $400 24
Lady Bird Johnson

John
    $400 7
3

Steve
    $400 2
Tommy Lee Jones

John
    $600 20
(John: Who is Salinger?)

Mark Twain

John
Triple Stumper
    $600 15
Canadian bacon

Steve
    $600 28
(Chris: Who is Asimov?)

William Shakespeare

Chris
Triple Stumper
    $600 25
(Alex: Minute to go now.)

Mars

Chris
    $600 8
4

John
    $600 3
Lance Armstrong

Steve
    $800 21
Nelson Rockefeller

John
    $800 16
Russian dressing

Triple Stumper
    $800 29
(Steve: What is Pluto?)

Neptune

SteveJohn
    $800 26
airplanes

Steve
    $800 10
5

Steve
    $800 4
(Steve: Who is Rayburn?)
(John: Who is Dick Armey?)

Tom DeLay

SteveJohn
Triple Stumper
    $1000 22
Alexander Hamilton

John
    $1,200 17
(Steve: [No response])

French toast

Steve
    $1000 30
William Herschel

Triple Stumper
    $1000 27
Marilyn Monroe

John
    $1000 11
12

Steve
    $1000 5
H. Ross Perot

Steve

Scores at the first commercial break (after clue 15):

Steve Chris John
$4,200 $200 $800

Scores at the end of the Jeopardy! Round:

Steve Chris John
$3,200 $600 $4,400

Double Jeopardy! Round responses

FRENCH ART & ARTISTS
ON THE GO
3-NAMED AUTHORS
HORSE SENSE
THE EMPEROR NERO
"BOO"!
    $400 22
unicorn

Steve
    $400 8
wind tunnel

John
    $400 6
(Chris: Who is William Fenimore Cooper?)

James Fenimore Cooper

Chris
Triple Stumper
    $400 13
Trigger

Chris
    $400 18
Olympic Games

John
    $400 1
booties

Steve
    $800 26
Versailles

John
    $800 9
Amtrak

Steve
    $800 7
Louisa May Alcott

John
    $800 14
Bonanza

Steve
    $800 23
chariots

Chris
    $800 2
bootleg

Steve
    $1200 10
(John: What is birch bark?)

dugout canoe

John
Triple Stumper
    $1200 19
Katherine Anne Porter

Triple Stumper
    $1200 15
National Velvet

John
    $1200 24
(Alex: With a minute to go.)

while Rome burned

Steve
    $1200 3
boobytrap

John
    $1600 28
(Alex: How many Algerian cities do you know of outside of [*]?)
[The end-of-round signal sounds.]

Algiers

Triple Stumper
    $1600 11
prairie schooner

Steve
    $1600 20
Isaac Bashevis Singer

Triple Stumper
    $1600 16
Zorro

Steve
    $400 25
Praetorian Guard

Steve
    $1600 4
boondoggle

Chris
    $2000 27
(John: Who is Marie Cassatt?)

Berthe Morisot

John
Triple Stumper
    $2000 12
(John: What is St. John?)
...
(Alex: You're going to hate yourself. St. John is the capital of New Brunswick; [*] is the capital of Newfoundland.)

St. John's

John
Triple Stumper
    $2000 21
Joyce Carol Oates

Triple Stumper
    $1,200 17
Richard III

Steve
    $2000 5
boojum

Triple Stumper

Scores at the end of the Double Jeopardy! Round:

Steve Chris John
$12,400 $3,000 $4,000
(lock game)

[wagering suggestions for these scores]

Final Jeopardy! Round responses

IN THE DICTIONARY
(Alex: [*] is the plural of opus.)
ChrisWhat is an album?
$1,500
JohnWhat is ????
$2,001
SteveWhat is an Album?
$2,600
opera

Final scores:

Steve Chris John
$9,800 $1,500 $1,999
2-day champion: $26,400 3rd place: $1,000 2nd place: $2,000

Game dynamics:

Coryat scores:

Steve Chris John
$15,600 $3,000 $4,000
21 R
(including 2 DDs),
4 W
(including 1 DD)
6 R,
2 W
16 R,
5 W

Combined Coryat: $22,600

[game clues] [game scores] [suggest correction]

Game tape date: 2002-09-23
The J! Archive is created by fans, for fans. Scraping, republication, monetization, and malicious use prohibited; this site may use cookies and collect identifying information. See terms. The Jeopardy! game show and all elements thereof, including but not limited to copyright and trademark thereto, are the property of Jeopardy Productions, Inc. and are protected under law. This website is not affiliated with, sponsored by, or operated by Jeopardy Productions, Inc. Join the discussion at JBoard.tv.